Fini les paroles : Gims - Statistiques

Statistiques générales
  • Ce quiz a été pris 298 fois
  • Le résultat moyen est 10 sur 30
Statistiques - réponses
Chansons Nombre de mots manquants Paroles Réponse % Correct
Est-ce Que Tu M'aimes? 2 J'étais prêt à graver ton image
À l'encre noire sous mes paupières
Afin de te voir, même dans un...
Sommeil éternel
95%
Parisienne 1 Une parisienne, parisienne Qui traverse au feu vert, qui s'en fout d'la Tour Eiffel Avenue... Montaigne
80%
Sapés comme jamais 3 Passe avant minuitJe vais t'faire vivre un dream Avance... Sur la piste
76%
J'me tire 3 Si j'reste, les gens me fuiront surement comme la peste Vos interviews m'ont donné trop de maux d'tête La vérité c'est que je m'auto-deteste, faut qu'j'préserve tout c'qu'... Il me reste
56%
Zombie 5 T'es parano Manipulé par un autre Tu n'es... Que l'ombre de toi-même
53%
Tout donner 2 Pourtant je n'suis pas pyromane Et tous les deux on foncera dans l'mur On va transformer la Ferrari... En Lambo
52%
Tu vas me manquer 3 Je t'attends comme si t'allais rentrer Tu vas me manquer, tu vas me manquer Les souvenirs ne cessent... De me hanter
46%
Bella 4 Les femmes la haïssaient, toutes la jalousaient Mais les hommes ne pouvaient que l'aimer Elle n'était pas d'ici... Ni facile, ni difficile
46%
APPELLE TA COPINE 1 J'baraude dans la ville, beauté assassine Je verrouille la cible, t'étais sur la liste Encore un son qui fait danser les... Racistes
46%
CIEL 3 Ça veut dire que tout n'est qu'une question de choix C'est fini mais je garde les plus belles images Va leur dire que c'était... Une belle histoire
43%
NINAO 1 T'façon j'suis booké sur toute l'année On s'est vu le temps d'une soirée Encore un petit cœur à... Réparer
42%
Reste 2 Si jamais je m'en vais Ça me rendrait eh-eh-eh Si jamais... Tu partais
41%
La même 3 Que les deux côtés, ne me demandez Pas où je veux aller, même les singes singent les sages Et tous ces sages ont fait des cases où... Tous nous ranger
40%
Brisé 3 J'ai tout compris sans dire un mot Ne monte plus les gens contre moi C'est difficile de voir... Dans le noir
33%
Caméléon 3 Accorde-moi une dernière danse Je veux savoir à quoi tu penses Quand tu regardes... Dans le vide
24%
Le Pire 2 Mais dis-moi c'qu'on a fait J'suis posé sur mon divan, j'regarde la télévision Explique-moi ce qu'il se passe, c'est comme si j'avais... Dix ans
24%
Hola Señorita 3 Silencieux comme un chat Toujours à l'affût, à l'affût de quelques dineros Pas facile d'aimer avec un cœur... Derrière les barreaux
23%
AIR FORCE BLANCHE 1 Tout va bien, va leur dire qu'on veut pas s'tape
À la base, j'suis leader, demande à Maska
Donc j'claque comme un monégasque à...
Madagascar
23%
Je te pardonne 2 Je n'sais quoi dire quand on m'fait la remarqueNotre entourage tente de nous raisonner Je pense qu'il est temps de... Se retrouver
17%
Laissez passer 2 J'ai toute ma raison Laissez parler le son Gardez... Vos questions
17%
Terminal 2F 1 Est-ce que t'es déjà venue à Porto-Vecchio? Est-ce que t'as déjà posée sur le rivage? Est-ce que t'as vue la plage à... Bonifacio?
16%
SPIDER 3 Concert complet à Düsseldorf Gonflé à bloc comme Usain Bolt J'suis dans l'rafiot, j'... Traverse l'époque
15%
Seya 4 Quand viendra la nuit, nous n'formerons plus qu'un seul corps Tu fuiras vers l'Est avec une sacoche remplie d'or Évidemment, je serai les... Battements de ton coeur
13%
Changer 1 L'argent détruit le cœur d'autrui Je n'peux dissocier l'ennemi de l'ami Tant pis je n'veux pas d'leur... Empire
10%
One Shot 4 Ça fait mal, je sais, mais ça va s'estomper Ici c'est l'bled, y a même pas d'antenne On t'ramasse à la pelle, personne... Manque à l'appel
10%
Bonbon 1 Laisse, j'vais en faire mon affaire C'est ma perle, c'est ma guerre Elle me caresse la... Tête
10%
Hasta Luego 1 Hasta luego, hasta luego J'ai dû m'en aller, j'ai dû m'en aller comme un cavalier solitaire J'ai dû m'en aller comme le temps, insouciant... Solitaire
9%
Yolo 3 À la base, je ne suis là que pour ma paye, moi Tu sais bien que, là où j'mets les pieds, c'est chez moi Si t'annules en dernière minute, ça... La fout mal
4%
Gunshot 2 Tu n'me reverras plus, ma voiture roule très très vite J'm'arrête au feu, j'me décris en deux-deux J'ai la même couleur que la... Carte bleue
2%
TOUCHÉ 4 J'ai fait briller ton cou, tes doigts, quand tu boudais Je t'ai bien écoutée, c'qui m'a touché C'est quand tu disais qu'... Notre histoire était faussée
2%
Aucun quiz correspondant
Distribution des résultats
% des personnes avec chaque résultat
Percentile par nombre de réponses
Votre historique - résultats
Vous n’avez pas pris ce quiz